Statistics for Random European City to Country Map Quiz

Click here to take the quiz!

General Stats

  • This quiz has been taken 133 times
  • The average score is 23 of 45

Answers on the Map

Answers color-coded by a green-red scale on the quiz's map according to % correct below.
 

Answer Stats

Answer% Correct
Liverpool
91%
Lyon
90%
Naples
89%
Valencia
87%
Cork
83%
Thessaloniki
80%
Zurich
80%
Stuttgart
79%
Malmo
78%
Łódź
77%
Bruges
76%
Innsbruck
76%
Vatican City (Has no cities)
76%
Bergen
74%
Eindhoven
70%
Monte Carlo
70%
Sochi
70%
Aalborg
67%
Donetsk
67%
Split
61%
Turku
61%
Kaunas
59%
Esch-sur-Alzette
56%
Novi Sad
50%
Ostrava
43%
Saint Paul's Bay
41%
Tiraspol
41%
Braga
40%
Burgas
33%
Mostar
30%
Pecs
29%
Grodno
26%
Kotor
26%
La Massana
26%
Selfoss
26%
Jurmala
24%
Brasov
23%
Serraville
23%
Triesen
23%
Parnu
21%
Koper
20%
Berat
18%
Ohrid
18%
Nitra
16%
Gjilan
14%

Score Distribution

Percentile by Number Answered

Percent of People with Each Score

Your Score History

You have not taken this quiz